000 00852nas a2200313 4500
001 BR0102089
003 BR-BrBNA
005 20231205102227.0
007 ta
008 230509b bl.|||p| |||| 00| 00por d
040 _aBR-BrBNA
_bpor
_cBiblioteca Nacional de Agricultura
041 _a(Pt)
072 _aL02
100 1 _aLopes, M.A.F.
100 1 _aPompermayer, L.G.
100 1 _aFelipe, A.H.B.
100 1 _aAraujo, I.C.
245 1 _aNutricao de equinos via esofagostomia
650 _aEquino
650 _aNutricao Animal
650 _aDisturbio Fisiologico
650 _aCirurgia
650 _aTratamento
650 _aInfeccao
650 _aEsofago
773 0 _tCiencia Rural (Brazil)
_xISSN 0103-8478
_g(Jan-Feb 2001), v. 31(1) p. 135-139
_wBR0102089
909 _a202311
_bLúcia
_c55
_dLúcia Elande
942 _2AGRIS
_n0
_cANA
999 _c166417
_d166417